[Event "Avoine op 21th"]
[Site "Avoine"]
[Date "2006.07.26"]
[Round "5"]
[White "Dumont, Gilles"]
[Black "Pallandre, Fabrice"]
[Result "0-1"]
[WhiteElo "1901"]
[BlackElo "2109"]
[PlyCount "46"]
[EventDate "2006.07.22"]
[EventType "swiss"]
[EventRounds "9"]
[EventCountry "FRA"]
[SourceTitle "EXT 2007"]
[Source "ChessBase"]
[SourceDate "2006.11.23"]
[SourceVersion "1"]
[SourceVersionDate "2006.11.23"]
[SourceQuality "1"]

1. e4 e6 2. d4 d5 3. Nd2 Nf6 4. e5 Nfd7 5. Bd3 c5 6. c3 Nc6 7. Ne2 Qb6 8. Nf3 cxd4 9. cxd4 f6 10. exf6 Nxf6 11. 0-0 Bd6 12. Nc3 0-0 13. b3 e5 14. dxe5 Nxe5 15. Nxe5 Bxe5 16. Bb2 Bxh2+ 17. Kxh2 Ng4+ 18. Kg3 Qh6 19. Bxh7+ Kh8 20. Bf5 Qh2+ 21. Kf3 Bxf5 22. Ke2 Rae8+ 23. Kd2 Qf4# 0-1